| 000 | 00372 a2200157 4500 | ||
|---|---|---|---|
| 001 | 50110 | ||
| 040 | _cAnchieta - Bela Vista | ||
| 100 | _aAnchietinha Itaigara | ||
| 240 | 1 | 0 |
_aUm livro, muitas aventuras! _lpor |
| 245 | 1 | 0 | _aUm livro, muitas aventuras! |
| 300 | _a22 | ||
| 362 | 0 | _a2017 | |
| 440 | 1 | _aAnchietinha Itaigara | |
| 650 | 4 | _aLiteratura juvenil | |
| 942 | _cBK | ||
| 999 |
_c50110 _d50110 |
||